| 000 | 00763cab a2200229 4500 | ||
|---|---|---|---|
| 001 | ABS54125 | ||
| 008 | 090401t1995 xxu||||| |||| 00| 0 eng d | ||
| 035 | _a(Sirsi) u8688 | ||
| 041 | _aeng | ||
| 245 | _aNew law leaves room for dispute | ||
| 260 | _c1995 | ||
| 350 | _a0 | ||
| 490 |
_aEstates Times _v(1306) 8 December 1995, 6(1) |
||
| 520 | _aDiscusses the government`s bill to regulate the rights of parties in building contracts, and whether it will satisfy the needs of the clients and contractors. | ||
| 650 | _aBUILT ENVIRONMENT-BUILDING CONTRACT FORMS | ||
| 650 | _aCONSTRUCTION BILL | ||
| 650 | _aCONSTRUCTION INDUSTRY | ||
| 650 | _aLATHAM REFORMS | ||
| 690 | _aBUILT ENVIRONMENT-BUILDING CONTRACT FORMS | ||
| 942 | _n0 | ||
| 948 | _c04/03/1997 | ||
| 999 |
_c5387 _d5387 |
||